Rekonštrukcia textu pomocou neurónových sietí
Gespeichert in:
| 1. Verfasser: | |
|---|---|
| Weitere Verfasser: | |
| Format: | Manuskript Buch |
| Sprache: | Slowakisch |
| Veröffentlicht: |
2020
|
| Schlagworte: | |
| Online-Zugang: | http://is.stuba.sk/zp/portal_zp.pl?podrobnosti=145494 |
| Tags: |
Keine Tags, Fügen Sie das erste Tag hinzu!
|
MARC
| LEADER | 00000ntm a22000003a 4500 | ||
|---|---|---|---|
| 001 | stuzp74999 | ||
| 003 | SK-STU | ||
| 005 | 20200613210715.7 | ||
| 007 | ta | ||
| 008 | 150427s2015----xo-----f-mn---000-0-slo-d | ||
| 040 | |a STU |b slo | ||
| 041 | 0 | |a slo | |
| 100 | 1 | |a Nechala, Daniel |u 070200 |k Z4 |4 aut |U FIIT Fakulta informatiky a informačných technológií |T FIIT Ústav informatiky, informačných systémov a softvérového inžinierstva |X 74139 |U I200 |Y 179 |7 74139 | |
| 242 | 0 | 1 | |a Reconstruction of text using neural networks |y eng |
| 245 | 1 | 0 | |a Rekonštrukcia textu pomocou neurónových sietí |
| 260 | |c 2020 | ||
| 650 | 4 | |a neurónové siete |2 slo | |
| 650 | 4 | |a jazykové modelovanie |2 slo | |
| 650 | 4 | |a korekcia textu |2 slo | |
| 650 | 4 | |a neural networks |2 eng | |
| 650 | 4 | |a language modelling |2 eng | |
| 650 | 4 | |a text correction |2 eng | |
| 700 | 1 | |a Pikuliak, Matúš |u 070200 |k Z3 |4 ths |U FIIT Fakulta informatiky a informačných technológií |T FIIT Ústav informatiky, informačných systémov a softvérového inžinierstva |X 8363 |U I200 |Y 179 |7 8363 | |
| 856 | 4 | |u http://is.stuba.sk/zp/portal_zp.pl?podrobnosti=145494 | |